00320nam a22001097a 4500003000500000038001100005082001300016100002100029245010900050260003800159300001300197NUST awaseem a540bBAS aBasha, Fatima Z. aNew Natural Products:bIsolated at H.E.J. Research Institute of Chemistry(1976-2010) / cFatima Z. Basha aKarachi :bKhalil Traders,c2012. a388 p. ;